[Event "?"]
[Site "ICS rated blitz match, 192.23"]
[Date "1997.??.??"]
[Round "?"]
[White "Brause"]
[Black "MrCool"]
[Result "1-0"]
[WhiteElo "2525"]
[BlackElo "2025"]
[PlyCount "65"]

1. e4 e5 2. Nf3 Nc6 3. Nc3 Nf6 4. Nxe5 Nxe5 5. d4 Ng6 6. e5 Ng8 7. Bc4 Bb4 8.
Qf3 Qe7 9. O-O Bxc3 10. bxc3 f6 11. exf6 Qxf6 12. Qh5 Qh4 13. Re1+ N8e7 14.
Rxe7+ Qxe7 15. Bd2 d5 16. Bxd5 Be6 17. Bxe6 Qxe6 18. Re1 Qxe1+ 19. Bxe1 O-O-O
20. Bd2 Rhe8 21. Qxh7 Re2 22. Qxg6 Rxd2 23. Kf1 Rd1+ 24. Ke2 Ra1 25. Qxg7 Rxa2
26. Kd3 Kb8 27. f4 a5 28. f5 Ra1 29. f6 Rf1 30. f7 a4 31. Ke2 Rf5 32. g4 Rf4
33. Qg5 1-0

[Event "?"]
[Site "ICS rated blitz match, 192.23"]
[Date "1997.??.??"]
[Round "?"]
[White "Brause"]
[Black "Lonnie"]
[Result "0-1"]
[WhiteElo "2545"]
[BlackElo "2750"]
[PlyCount "144"]

1. e4 e5 2. Nf3 Nc6 3. Nc3 Nf6 4. Nxe5 Nxe5 5. d4 Ng6 6. e5 Ng8 7. Bc4 Bb4 8.
Qf3 Bxc3+ 9. bxc3 f5 10. O-O N8e7 11. Bg5 h6 12. Be3 c6 13. Rab1 Qa5 14. Bd2 b6
15. Qd3 Bb7 16. g3 b5 17. Bb3 c5 18. c4 b4 19. f4 Be4 20. Qe3 Nc6 21. dxc5 Nf8
22. Ra1 Qa3 23. Bc1 Qa6 24. Bb2 Ne6 25. a3 Qb7 26. Ba4 bxa3 27. Bxa3 Ncd4 28.
Rf2 g5 29. fxg5 hxg5 30. Rd1 f4 31. Bxd7+ Kxd7 32. Rxd4+ Nxd4 33. Qxd4+ Kc8 34.
e6 Rd8 35. Qa1 fxg3 36. hxg3 Qc7 37. e7 Qxg3+ 38. Kf1 Re8 39. Qf6 Qh3+ 40. Ke2
Rb8 41. Qa6+ Bb7 42. Qd6 Qg4+ 43. Kd2 Qe4 44. Rf8 Bc6 45. Rxe8+ Bxe8 46. c3
Qxc4 47. Qd8+ Kb7 48. Qd6 Rc8 49. Bb4 Rc7 50. Kc1 Qf1+ 51. Kd2 Qf2+ 52. Kd3 Bc6
53. e8=Q Bxe8 54. c4 Ba4 55. Qd5+ Bc6 56. Qd4 Rd7 57. Qd6 Rxd6+ 58. cxd6 g4 59.
Bc3 Be8 60. Bg7 g3 61. d7 Bxd7 62. Kc3 Qe3+ 63. Kb2 g2 64. Bh6 Qxh6 65. Kb3 Qd2
66. c5 Be6+ 67. Ka4 Qc2+ 68. Kb4 Qc4+ 69. Ka5 Qc3+ 70. Kb5 a6+ 71. Ka4 Bd5 72.
c6+ Bxc6# 0-1

[Event "?"]
[Site "ICS rated blitz match, 192.23"]
[Date "1997.??.??"]
[Round "?"]
[White "Brause"]
[Black "SirPrize"]
[Result "1-0"]
[WhiteElo "2515"]
[BlackElo "2060"]
[PlyCount "49"]

1. e4 e5 2. Nf3 Nc6 3. Nc3 Nf6 4. Nxe5 Nxe5 5. d4 Ng6 6. e5 Ng8 7. Bc4 f6 8.
Qh5 fxe5 9. Bxg8 Rxg8 10. Bg5 Be7 11. Qxh7 Bxg5 12. Qxg8+ Nf8 13. Qxg7 exd4 14.
Qxd4 d6 15. Qe4+ Qe7 16. Qxe7+ Kxe7 17. h4 Bh6 18. f3 Ng6 19. Nb5 Kd8 20. g3
Bd7 21. Na3 c5 22. Nc4 b5 23. Nxd6 Kc7 24. Rd1 Re8+ 25. Nxe8+ 1-0

[Event "?"]
[Site "ICS rated blitz match, 192.23"]
[Date "1997.??.??"]
[Round "?"]
[White "Brause"]
[Black "infidel"]
[Result "1-0"]
[WhiteElo "2550"]
[BlackElo "1900"]
[PlyCount "32"]

1. e4 e5 2. Nf3 Nc6 3. Nc3 Nf6 4. Nxe5 Nxe5 5. d4 d6 6. dxe5 dxe5 7. Qxd8+ Kxd8
8. Bg5 Be7 9. O-O-O+ Ke8 10. Nb5 Nxe4 11. Nxc7+ Kf8 12. Be3 Rb8 13. f3 Nc5 14.
Bxc5 Bxc5 15. Rd8+ Ke7 16. Rxh8 Be3+ 1-0

[Event "?"]
[Site "ICS rated blitz match, 192.23"]
[Date "1997.??.??"]
[Round "?"]
[White "Brause"]
[Black "gballa"]
[Result "0-1"]
[WhiteElo "2550"]
[BlackElo "2575"]
[PlyCount "106"]

1. e4 e5 2. Nf3 Nc6 3. Nc3 Nf6 4. Nxe5 Nxe5 5. d4 Ng6 6. e5 Ng8 7. Bc4 Bb4 8.
Qf3 Bxc3+ 9. bxc3 Qe7 10. O-O Rb8 11. Re1 b6 12. Qg3 h5 13. Bg5 h4 14. e6 hxg3
15. exf7+ Kf8 16. fxg8=Q+ Rxg8 17. Bxe7+ Nxe7 18. Bxg8 gxh2+ 19. Kxh2 Nxg8 20.
Kg3 Bb7 21. f3 a5 22. Rh1 Re8 23. Kf2 Nf6 24. Rh8+ Kf7 25. Rxe8 Nxe8 26. Rh1
Bd5 27. Ra1 Nd6 28. Ke2 a4 29. Kd3 Kf6 30. Ke3 c6 31. Ke2 b5 32. Kf2 Nc4 33.
Rb1 d6 34. Ke2 Kf5 35. Kf2 Nb6 36. a3 Nc4 37. Ra1 Kf4 38. g3+ Kf5 39. Ke2 g5
40. Rh1 Nxa3 41. Rh6 g4 42. fxg4+ Kxg4 43. Rg6+ Kh3 44. Kf2 Nc4 45. Rf6 Nd2 46.
Ke3 Ne4 47. Rg6 a3 48. c4 a2 49. cxd5 cxd5 50. Kf3 Kh2 51. Rh6+ Kg1 52. Kg4
a1=Q 53. Kf5 Qa8 0-1

[Event "?"]
[Site "ICS rated blitz match, 192.23"]
[Date "1997.??.??"]
[Round "?"]
[White "Brause"]
[Black "Buffos"]
[Result "1-0"]
[WhiteElo "2525"]
[BlackElo "2545"]
[PlyCount "63"]

1. e4 e5 2. Nf3 Nc6 3. Nc3 Nf6 4. Nxe5 Nxe5 5. d4 Nc6 6. d5 Ne5 7. f4 Ng6 8. e5
Ng8 9. d6 cxd6 10. exd6 Qf6 11. Nb5 Kd8 12. Be3 Nxf4 13. Qd2 Ne6 14. O-O-O Ke8
15. Re1 Kd8 16. Qa5+ Ke8 17. Bd2 Bxd6 18. Nxd6+ Kf8 19. Bb4 Qf4+ 20. Kb1 b6 21.
Nxc8+ d6 22. Nxb6 Rd8 23. Nd5 Qh4 24. Bb5 g6 25. Bc3 f6 26. Rxe6 Rc8 27. Qxa7
Qg5 28. Rxf6+ Nxf6 29. Qe7+ Kg8 30. Nxf6+ Qxf6 31. Bxf6 h6 32. Qg7# 1-0

[Event "?"]
[Site "ICS rated blitz match, 192.23"]
[Date "1997.??.??"]
[Round "?"]
[White "Brause"]
[Black "MoonShot"]
[Result "1-0"]
[WhiteElo "2540"]
[BlackElo "2595"]
[PlyCount "123"]

1. e4 e5 2. Nf3 Nc6 3. Nc3 Nf6 4. Nxe5 Nxe5 5. d4 Nc6 6. d5 Nb8 7. e5 Ng8 8. d6
Nc6 9. Nb5 cxd6 10. exd6 Bxd6 11. Qxd6 Qe7+ 12. Be3 Kf8 13. O-O-O a6 14. Qxe7+
Ngxe7 15. Nd6 Ne5 16. Be2 N7c6 17. f4 Ng6 18. Bc4 f6 19. Nxc8 Rxc8 20. Rxd7 b5
21. Bb3 Nge7 22. Bc5 Ke8 23. Be6 Rd8 24. Rhd1 Rxd7 25. Rxd7 Ng6 26. Rxg7 Nge7
27. c4 f5 28. cxb5 axb5 29. Kd2 h5 30. Rg5 Kd8 31. Bxf5 Rf8 32. Bd3 Rxf4 33.
Bxb5 Rh4 34. h3 Nd4 35. Rg7 Nec6 36. g3 Nxb5 37. gxh4 Nbd4 38. Bxd4 Nxd4 39.
Rh7 Nf3+ 40. Ke3 Nxh4 41. Rxh5 Ng2+ 42. Kf3 Ne1+ 43. Ke2 Nc2 44. Rh7 Nb4 45. a4
Ke8 46. h4 Kf8 47. h5 Kg8 48. Rb7 Nc6 49. h6 Kh8 50. b4 Nd4+ 51. Kd3 Ne6 52.
Ke3 Nd8 53. Rb8 Kh7 54. Rxd8 Kxh6 55. a5 Kg5 56. a6 Kf5 57. a7 Kg4 58. a8=Q Kf5
59. Rd5+ Ke6 60. Qc6+ Ke7 61. Rd7+ Ke8 62. Qc8# 1-0

[Event "?"]
[Site "ICS rated blitz match, 192.23"]
[Date "1997.??.??"]
[Round "?"]
[White "Brause"]
[Black "BooTheSmack"]
[Result "1-0"]
[WhiteElo "2560"]
[BlackElo "2600"]
[PlyCount "49"]

1. e4 e5 2. Nf3 Nc6 3. Nc3 Nf6 4. Nxe5 Nxe5 5. d4 Ng6 6. e5 Qe7 7. f4 d5 8. Qe2
Bg4 9. exf6 Qxe2+ 10. Bxe2 Bxe2 11. fxg7 Bxg7 12. Nxe2 O-O-O 13. O-O Rde8 14.
Rf2 Re4 15. c3 Rhe8 16. Ng3 Re1+ 17. Rf1 Rxf1+ 18. Kxf1 b6 19. Nf5 Bf8 20. Bd2
Re4 21. Ng3 Re6 22. f5 Rf6 23. Bg5 Rxf5+ 24. Nxf5 h6 25. Bxh6 1-0

[Event "?"]
[Site "ICS rated blitz match, 192.23"]
[Date "1997.??.??"]
[Round "?"]
[White "Brause"]
[Black "GMAlex"]
[Result "1-0"]
[WhiteElo "2555"]
[BlackElo "2640"]
[PlyCount "35"]

1. e4 e5 2. Nf3 Nc6 3. Nc3 Nf6 4. Nxe5 Nxe5 5. d4 Nc6 6. d5 Nb8 7. e5 Ng8 8. d6
Nc6 9. Nb5 cxd6 10. exd6 Bxd6 11. Qxd6 Qe7+ 12. Be3 Qxd6 13. Nxd6+ Kf8 14. Bc4
Ne5 15. Bb3 Ne7 16. O-O-O f6 17. f4 Ng4 18. Rhe1 1-0

[Event "?"]
[Site "ICS rated blitz match, 192.23"]
[Date "1997.??.??"]
[Round "?"]
[White "Brause"]
[Black "GMAlex"]
[Result "1/2-1/2"]
[WhiteElo "2595"]
[BlackElo "2605"]
[PlyCount "103"]

1. e4 e5 2. Nf3 Nc6 3. Nc3 Nf6 4. Nxe5 Nxe5 5. d4 Ng6 6. e5 Bb4 7. exf6 Qxf6 8.
Bc4 O-O 9. O-O Bxc3 10. bxc3 d6 11. Qh5 Qf5 12. Qe2 Bd7 13. Bd3 Qa5 14. Bd2
Rae8 15. Qf3 Bc6 16. Qg4 f5 17. Qg5 Be4 18. c4 Qa4 19. Be3 Bxd3 20. cxd3 Kh8
21. g3 Rf6 22. Rfb1 b6 23. Rd1 Ref8 24. d5 f4 25. Bd4 Rf5 26. Qg4 Ne5 27. Bxe5
dxe5 28. Rd2 Qb4 29. Re2 Qc5 30. Rd1 fxg3 31. hxg3 h5 32. Qh4 Qd6 33. d4 exd4
34. Qxd4 Qg6 35. Rde1 Rf4 36. Re4 Rxf2 37. Qxf2 Rxf2 38. Kxf2 Qf6+ 39. Kg2 Qc3
40. R1e2 Kh7 41. Rf4 Qa3 42. Rf7 Qd3 43. Ree7 Qxc4 44. Rxg7+ Kh6 45. Rh7+ Kg6
46. Reg7+ Kf6 47. Rf7+ Kg6 48. Rhg7+ Kh6 49. Rh7+ Kg5 50. Rhg7+ Kh6 51. Rh7+
Kg5 52. Rhg7+ 1/2-1/2

[Event "?"]
[Site "ICS rated blitz match, 192.23"]
[Date "1997.??.??"]
[Round "?"]
[White "Brause"]
[Black "GMAlex"]
[Result "1/2-1/2"]
[WhiteElo "2595"]
[BlackElo "2605"]
[PlyCount "54"]

1. e4 e5 2. Nf3 Nc6 3. Nc3 Nf6 4. Nxe5 Nxe5 5. d4 Ng6 6. e5 Ng8 7. Bc4 Bb4 8.
Qf3 Qe7 9. O-O Bxc3 10. bxc3 Nh6 11. g3 O-O 12. Qh5 d6 13. Bxh6 gxh6 14. f4
dxe5 15. f5 Qg5 16. Qxg5 hxg5 17. fxg6 hxg6 18. dxe5 Be6 19. Bxe6 fxe6 20. Rad1
Rxf1+ 21. Kxf1 Rf8+ 22. Kg2 Rf5 23. Rd8+ Kg7 24. Rd7+ Rf7 25. Rd8 Rf5 26. Rd7+
Rf7 27. Rd8 Rf5 1/2-1/2

[Event "?"]
[Site "ICS rated blitz match, 192.23"]
[Date "1997.??.??"]
[Round "?"]
[White "Brause"]
[Black "MoonShot"]
[Result "1/2-1/2"]
[WhiteElo "2600"]
[BlackElo "2620"]
[PlyCount "230"]

1. e4 e5 2. Nf3 Nc6 3. Nc3 Nf6 4. Nxe5 Nxe5 5. d4 Nc6 6. d5 Ne5 7. f4 Ng6 8. e5
Qe7 9. Qe2 Kd8 10. exf6 Qxf6 11. Qc4 Bd6 12. g3 Qe7+ 13. Be2 Re8 14. Bd2 Bb4
15. Rf1 b6 16. Rf3 Bb7 17. O-O-O Qc5 18. Rff1 f6 19. Qxc5 Bxc5 20. Rde1 Rb8 21.
Bd3 Rxe1+ 22. Rxe1 Bb4 23. Rd1 Ne7 24. Bxh7 Bxc3 25. Bxc3 Nxd5 26. Bd2 Ne7 27.
Re1 Bd5 28. b3 b5 29. Bd3 a6 30. Be3 Nc6 31. c3 a5 32. Bc2 a4 33. Kd2 Na5 34.
Rb1 c6 35. Kd3 Kc7 36. Bc5 Nb7 37. Bd4 Re8 38. Kd2 Nd6 39. Re1 Ne4+ 40. Kd1
axb3 41. axb3 c5 42. Bxc5 Nxc3+ 43. Kd2 Ne4+ 44. Bxe4 Bxe4 45. Bf8 Rxf8 46.
Rxe4 Rg8 47. Kd3 Kc6 48. h4 d5 49. Re7 Kd6 50. Ra7 Kc5 51. h5 Kb4 52. Rb7 Rh8
53. g4 f5 54. Rxg7 fxg4 55. Rxg4 Rxh5 56. Rg5 Rh3+ 57. Kd4 Kxb3 58. Rxd5 b4 59.
f5 Rh4+ 60. Ke5 Kc3 61. Rc5+ Rc4 62. Rxc4+ Kxc4 63. f6 b3 64. f7 b2 65. f8=Q
b1=Q 66. Qc8+ Kb3 67. Qb7+ Kc2 68. Qe4+ Kb2 69. Qc4 Qg6 70. Qd4+ Kc2 71. Qc5+
Kd3 72. Qa3+ Kc4 73. Qc1+ Kb5 74. Qb2+ Kc4 75. Qd4+ Kb3 76. Kf4 Kc2 77. Qc4+
Kd2 78. Qb4+ Ke2 79. Qb2+ Kf1 80. Qc1+ Kf2 81. Qe3+ Kf1 82. Qf3+ Ke1 83. Ke5
Kd2 84. Qf2+ Kc3 85. Qe3+ Kc4 86. Qf4+ Kc3 87. Qc1+ Qc2 88. Qe1+ Kd3 89. Qg3+
Kc4 90. Qf4+ Kc3 91. Qd4+ Kb3 92. Kd5 Qc7 93. Qd3+ Kb2 94. Qd2+ Kb3 95. Qd1+
Kb4 96. Qb1+ Ka5 97. Qa1+ Kb6 98. Qd4+ Kb7 99. Ke4 Kc6 100. Qd5+ Kb6 101. Qb3+
Kc5 102. Qc3+ Kd6 103. Qd3+ Ke6 104. Qd5+ Kf6 105. Qf5+ Ke7 106. Qh7+ Kd6 107.
Qh6+ Kc5 108. Qc1+ Kd6 109. Qf4+ Kc6 110. Qf3 Kc5 111. Qe3+ Kd6 112. Qd2+ Ke6
113. Qh6+ Kd7 114. Qg7+ Kd6 115. Qg5 Qc3 1/2-1/2

[Event "?"]
[Site "ICS rated blitz match, 192.23"]
[Date "1997.??.??"]
[Round "?"]
[White "Brause"]
[Black "MoonShot"]
[Result "0-1"]
[WhiteElo "2590"]
[BlackElo "2655"]
[PlyCount "122"]

1. e4 e5 2. Nf3 Nc6 3. Nc3 Nf6 4. Nxe5 Nxe5 5. d4 Ng6 6. e5 Ng8 7. Bc4 Bb4 8.
Qf3 Bxc3+ 9. bxc3 f5 10. Qxf5 d5 11. e6 Nf6 12. Bd3 Qe7 13. O-O Bxe6 14. Qg5
O-O-O 15. Re1 Rd7 16. f4 Ne4 17. Qxe7 Rxe7 18. c4 Bf5 19. cxd5 Nd6 20. Rxe7
Nxe7 21. Bxf5+ Nexf5 22. g3 Re8 23. Ba3 Re2 24. Bxd6 Nxd6 25. a4 Rxc2 26. Re1
Kd7 27. Ra1 Rd2 28. h4 Rxd4 29. Kf2 Rxd5 30. Ke3 Ra5 31. h5 b5 32. h6 g6 33.
Rd1 Rxa4 34. Kf3 c5 35. g4 a5 36. Rd5 Ra3+ 37. Ke2 Ra2+ 38. Kf3 c4 39. f5 gxf5
40. gxf5 Rh2 41. Rd1 Rxh6 42. Ke2 Rf6 43. Rh1 h6 44. Kd2 b4 45. Re1 a4 46. Ra1
a3 47. Ke2 Rxf5 48. Kd2 Nb5 49. Ke3 b3 50. Rh1 c3 51. Ke4 Nd6+ 52. Ke3 c2 53.
Kd3 a2 54. Kd2 Rf2+ 55. Ke3 Rh2 56. Rxh2 a1=Q 57. Kf3 Qf1+ 58. Rf2 Qh3+ 59. Ke2
c1=Q 60. Rf3 Qg2+ 61. Kd3 Qcd2# 0-1

[Event "?"]
[Site "ICS rated blitz match, 192.23"]
[Date "1997.??.??"]
[Round "?"]
[White "Brause"]
[Black "c333"]
[Result "1-0"]
[WhiteElo "2610"]
[BlackElo "2860"]
[PlyCount "25"]

1. e4 e5 2. Nf3 Nc6 3. Nc3 Nf6 4. Nxe5 Nxe5 5. d4 Nc6 6. d5 Ne7 7. e5 Nfg8 8.
d6 cxd6 9. exd6 Nc6 10. Nb5 Qa5+ 11. Bd2 Bxd6 12. Nxd6+ Kf8 13. Bxa5 1-0

[Event "?"]
[Site "ICS rated blitz match, 192.23"]
[Date "1997.??.??"]
[Round "?"]
[White "Brause"]
[Black "deep-modem"]
[Result "1-0"]
[WhiteElo "2590"]
[BlackElo "2510"]
[PlyCount "93"]

1. e4 e5 2. Nf3 Nc6 3. Nc3 Nf6 4. Nxe5 Nxe5 5. d4 Ng6 6. e5 Ng8 7. Bc4 d6 8.
Qf3 Qd7 9. O-O dxe5 10. dxe5 Nxe5 11. Re1 Bd6 12. Bf4 f6 13. Bb5 c6 14. Rad1
Qe6 15. Qg3 Kf8 16. Bxe5 Bxe5 17. f4 cxb5 18. fxe5 Qb6+ 19. Re3 Bf5 20. Rd6 Qc5
21. Rd5 Qc7 22. Nxb5 Qb8 23. Nd4 Nh6 24. Qf4 Bg6 25. Ne6+ Kg8 26. Nxg7 Kxg7 27.
exf6+ Kg8 28. Qxh6 Qf8 29. Qg5 Re8 30. Re7 Rxe7 31. fxe7 Qe8 32. Qf6 h5 33. Rd8
Kh7 34. Kf2 Rg8 35. Rxe8 Rxe8 36. Ke3 Rg8 37. Kd4 b5 38. Kc5 Rb8 39. Qa6 Be8
40. Kd5 Kg7 41. Qxa7 Rc8 42. Qf2 Bg6 43. Kd6 b4 44. Qd4+ Kh7 45. c3 bxc3 46.
bxc3 Rg8 47. g4 1-0

[Event "?"]
[Site "ICS rated blitz match, 192.23"]
[Date "1997.??.??"]
[Round "?"]
[White "Brause"]
[Black "deep-modem"]
[Result "0-1"]
[WhiteElo "2580"]
[BlackElo "2515"]
[PlyCount "136"]

1. e4 e5 2. Nf3 Nc6 3. Nc3 Nf6 4. Nxe5 Nxe5 5. d4 Ng6 6. e5 Ng8 7. Bc4 d6 8.
Qf3 Be6 9. Qxb7 Rb8 10. Bb5+ Bd7 11. Bxd7+ Kxd7 12. Qxa7 dxe5 13. dxe5 Ra8 14.
Qe3 Ra5 15. e6+ fxe6 16. O-O Bd6 17. Ne4 Nf6 18. Qc3 Bxh2+ 19. Kxh2 Rh5+ 20.
Kg1 Nxe4 21. Qd4+ Nd6 22. Qxg7+ Qe7 23. Qxe7+ Kxe7 24. a4 Rg8 25. a5 Nh4 26. g3
Nf3+ 27. Kg2 Nd4 28. Ra3 N6b5 29. Ra4 Nxc2 30. Rc4 Ncd4 31. Be3 e5 32. a6 Kd7
33. Rc5 Kd6 34. b4 Rf5 35. Rd1 Ke6 36. Re1 Ra8 37. g4 Rg8 38. Kh3 Rf3+ 39. Kh4
c6 40. Bxd4 Nxd4 41. Rcxe5+ Kd6 42. Re8 Rxe8 43. Rxe8 Ra3 44. Ra8 Ne6 45. a7
Ke5 46. g5 Kf4 47. Rc8 Nd4 48. f3 Nxf3+ 49. Kh5 Nd4 50. Kh6 Rxa7 51. Kh5 Ra3
52. Kh6 Nf5+ 53. Kxh7 Rh3+ 54. Kg8 Ne7+ 55. Kf8 Nxc8 56. g6 Ke5 57. g7 Rf3+ 58.
Ke8 Nd6+ 59. Kd7 Rf7+ 60. Kxc6 Rxg7 61. b5 Rg4 62. Kc5 Rc4+ 63. Kb6 Kd4 64. Ka7
Kc5 65. b6 Ra4+ 66. Kb8 Kc6 67. b7 Nxb7 68. Kc8 Ra8# 0-1

[Event "?"]
[Site "ICS rated blitz match, 192.23"]
[Date "1997.??.??"]
[Round "?"]
[White "Brause"]
[Black "deep-modem"]
[Result "0-1"]
[WhiteElo "2545"]
[BlackElo "2555"]
[PlyCount "80"]

1. e4 Nf6 2. Nc3 e5 3. Nf3 Nc6 4. Nxe5 Nxe5 5. d4 Ng6 6. e5 Ng8 7. Bc4 d6 8.
Qf3 Be6 9. Qxb7 Rb8 10. Bb5+ Bd7 11. Bxd7+ Kxd7 12. Qxa7 dxe5 13. dxe5 Ra8 14.
Qb7 Rb8 15. Qe4 Rb4 16. Qe2 Qe8 17. a3 Rb8 18. O-O Qxe5 19. Qc4 Bd6 20. Qxf7+
N8e7 21. g3 Rhf8 22. Qc4 Qf5 23. Ne4 Ne5 24. Qa4+ N7c6 25. Nxd6 Qh3 26. f4 Ng4
27. Rf2 Nxf2 28. Ne4 Ng4 29. Nc5+ Kd8 30. Ne4 Qxh2+ 31. Kf1 Re8 32. Qxc6 Qh1+
33. Ke2 Rxe4+ 34. Qxe4 Qxe4+ 35. Kf1 Qf3+ 36. Ke1 Qf2+ 37. Kd1 Rxb2 38. Bd2
Ne3+ 39. Kc1 Nc4 40. Be1 Qxe1# 0-1

[Event "?"]
[Site "ICS rated blitz match, 192.23"]
[Date "1997.??.??"]
[Round "?"]
[White "Brause"]
[Black "scorpiocy"]
[Result "1-0"]
[WhiteElo "2550"]
[BlackElo "2340"]
[PlyCount "63"]

1. e4 e5 2. Nf3 Nc6 3. Nc3 Nf6 4. Nxe5 Nxe5 5. d4 Ng6 6. e5 Ng8 7. Bc4 d5 8.
Bxd5 c6 9. Be4 N8e7 10. O-O Be6 11. Ne2 Bf5 12. Ng3 Bxe4 13. Nxe4 Nf5 14. c3 h5
15. Qf3 Qd7 16. Bg5 Be7 17. Bxe7 Ngxe7 18. Nc5 Qd5 19. Qf4 O-O-O 20. Rfe1 b6
21. Ne4 Qd7 22. b4 Ng6 23. Qg5 Kb7 24. e6 fxe6 25. Qxg6 Rh6 26. Qg5 h4 27. a4
Rf8 28. a5 Qf7 29. axb6 axb6 30. Qf4 Rg6 31. Reb1 h3 32. Nc5+ 1-0

[Event "?"]
[Site "ICS rated blitz match, 192.23"]
[Date "1997.??.??"]
[Round "?"]
[White "Brause"]
[Black "Thumpster"]
[Result "1-0"]
[WhiteElo "2560"]
[BlackElo "2615"]
[PlyCount "73"]

1. e4 e5 2. Nf3 Nc6 3. Nc3 Nf6 4. Nxe5 Nxe5 5. d4 Nc6 6. d5 Nb8 7. e5 Ng8 8. d6
f6 9. exf6 Nxf6 10. Qe2+ Be7 11. Qxe7+ Qxe7+ 12. dxe7 Kxe7 13. Bg5 c6 14. Ne4
d5 15. Nxf6 gxf6 16. Bf4 Be6 17. O-O-O Nd7 18. Re1 Kf7 19. Be2 h5 20. Rhf1 Rag8
21. g3 h4 22. f3 hxg3 23. Bxg3 Bf5 24. Rg1 Ne5 25. f4 Nd7 26. b4 Be4 27. a3 Re8
28. h4 Bg6 29. Bf2 b6 30. Bg4 f5 31. Rxe8 Rxe8 32. Bf3 Nf6 33. Bd4 Rh8 34. b5
cxb5 35. Bxd5+ Kg7 36. h5 Rxh5 37. Re1 1-0

[Event "?"]
[Site "ICS rated blitz match, 192.23"]
[Date "1997.??.??"]
[Round "?"]
[White "Brause"]
[Black "Buffos"]
[Result "0-1"]
[WhiteElo "2570"]
[BlackElo "2505"]
[PlyCount "96"]

1. e4 e5 2. Nf3 Nc6 3. Nc3 Nf6 4. Nxe5 Nxe5 5. d4 Ng6 6. e5 Ng8 7. Bc4 Bb4 8.
Qf3 Bxc3+ 9. bxc3 Qe7 10. O-O a5 11. Bd5 c6 12. Be4 d5 13. exd6 Qxd6 14. a4 Nf6
15. Ba3 Qc7 16. Bd3 Be6 17. Rae1 Ne7 18. Bf5 Nxf5 19. Qxf5 O-O-O 20. Qd3 Rhe8
21. h3 Qf4 22. Bc5 Bf5 23. Qc4 Rxe1 24. Rxe1 Ne4 25. f3 Be6 26. d5 Bxd5 27.
Rxe4 Bxe4 28. Qxe4 Qxe4 29. fxe4 Re8 30. Bb6 Rxe4 31. Bxa5 Rxa4 32. Bb6 Ra2 33.
Bd4 f6 34. h4 Rxc2 35. h5 c5 36. h6 gxh6 37. Bxc5 Rxc3 38. Bd4 Rc6 39. Kf2 b5
40. Ke3 Kd7 41. Ke4 Ke6 42. Kd3 Rd6 43. Kc3 b4+ 44. Kc4 Rxd4+ 45. Kxd4 Kf5 46.
Kc4 Kg4 47. Kxb4 Kg3 48. Kc5 Kxg2 0-1

[Event "?"]
[Site "ICS rated blitz match, 192.23"]
[Date "1997.??.??"]
[Round "?"]
[White "Brause"]
[Black "Buffos"]
[Result "0-1"]
[WhiteElo "2550"]
[BlackElo "2525"]
[PlyCount "119"]

1. e4 e5 2. Nf3 Nc6 3. Nc3 Nf6 4. Nxe5 Nxe5 5. d4 Ng6 6. e5 Ng8 7. Bc4 Bb4 8.
Qf3 Bxc3+ 9. bxc3 Qe7 10. O-O a5 11. Bd5 c6 12. Be4 d5 13. exd6 Qxd6 14. Bxg6
hxg6 15. Bf4 Qd5 16. Rfe1+ Be6 17. Qxd5 cxd5 18. Rab1 Rc8 19. Re3 Nf6 20. Rxb7
O-O 21. Bc7 a4 22. Bd6 Rfe8 23. f3 Bf5 24. Be7 Bxc2 25. Re5 Bd3 26. Ra7 Nh5 27.
Rxd5 Rxc3 28. Rc5 Rxc5 29. dxc5 Bb5 30. Rb7 Bc6 31. Rc7 Bd5 32. a3 Nf4 33. Kf2
Kh7 34. Kg3 Ne2+ 35. Kf2 Nc3 36. Rd7 Bc6 37. Rc7 Nb5 38. Rxc6 Rxe7 39. Rb6 Nxa3
40. Ra6 Nb5 41. Rxa4 Rc7 42. Rc4 Kg8 43. Ke3 f6 44. Kd3 Kf7 45. Rc1 Ke6 46. Kc4
Nd6+ 47. Kb4 Nf5 48. Rd1 Rb7+ 49. Kc3 Rd7 50. Rxd7 Kxd7 51. f4 Kc6 52. Kb4 Ne3
53. g3 Nf1 54. Kc4 Nxh2 55. Kd4 Ng4 56. Kc4 Ne3+ 57. Kd3 Nf5 58. g4 Ne7 59. Kd4
Nd5 60. Ke4 0-1

[Event "?"]
[Site "ICS rated blitz match, 192.23"]
[Date "1997.??.??"]
[Round "?"]
[White "Brause"]
[Black "Lonnie"]
[Result "0-1"]
[WhiteElo "2540"]
[BlackElo "2805"]
[PlyCount "120"]

1. e4 e5 2. Nf3 Nc6 3. Nc3 Nf6 4. Nxe5 Nxe5 5. d4 Ng6 6. e5 Ng8 7. Bc4 Bb4 8.
Qf3 Bxc3+ 9. bxc3 f5 10. h4 N6e7 11. Ba3 g6 12. h5 g5 13. h6 Rb8 14. Qh5+ Ng6
15. O-O g4 16. Bf8 b5 17. Bb3 Kxf8 18. Qxf5+ Nf6 19. exf6 Rb6 20. Qxg4 d5 21.
Qg5 Qxf6 22. Qxd5 Nf4 23. Qe4 Bb7 24. d5 Nxg2 25. Rfb1 Nf4 26. Re1 Nh3+ 27. Kh2
Qf4+ 28. Qxf4+ Nxf4 29. Kg3 Rf6 30. d6 cxd6 31. Rad1 d5 32. f3 Rg8+ 33. Kf2
Rxh6 34. Rh1 Rxh1 35. Rxh1 Rg7 36. Ke3 Rf7 37. a4 bxa4 38. Bxa4 h5 39. Bb3 h4
40. Ra1 a6 41. c4 Ng2+ 42. Kd2 d4 43. Kd3 Rd7 44. Ke2 h3 45. Rf1 Nf4+ 46. Kd2
h2 47. c5 Rg7 48. c6 Bxc6 49. Rh1 Rg2+ 50. Kc1 Rg1+ 51. Rxg1 hxg1=Q+ 52. Kb2
Qe1 53. Ka2 Qc1 54. Bc4 Qxc2+ 55. Ka3 Qxc4 56. Kb2 Bd5 57. Kb1 Ke7 58. Kb2 d3
59. Kb1 d2 60. Ka1 Qc1# 0-1

[Event "?"]
[Site "ICS rated blitz match, 192.23"]
[Date "1997.??.??"]
[Round "?"]
[White "Brause"]
[Black "deep-modem"]
[Result "0-1"]
[WhiteElo "2510"]
[BlackElo "2590"]
[PlyCount "166"]

1. e4 e5 2. Nf3 Nc6 3. Nc3 Nf6 4. Nxe5 Nxe5 5. d4 Ng6 6. e5 Ng8 7. Bc4 d6 8.
Qf3 Be6 9. Qxb7 Rb8 10. Bb5+ Bd7 11. Bxd7+ Kxd7 12. Qxa7 Ra8 13. Qb7 dxe5 14.
dxe5 Rb8 15. Qe4 Rb4 16. Qe2 Qe8 17. a3 Rb8 18. f4 f6 19. Qd3+ Bd6 20. O-O fxe5
21. Re1 Kc8 22. Ne4 Qc6 23. Nxd6+ cxd6 24. fxe5 Nxe5 25. Qf5+ Qd7 26. Qf1 Ne7
27. b4 Kc7 28. Bb2 Rhf8 29. Qe2 N7g6 30. Bd4 Qc6 31. Qd2 Ra8 32. c3 Rae8 33. a4
Nf4 34. b5 Nf3+ 35. Kh1 Nxd2 36. bxc6 Nb3 37. Rad1 Nxd4 38. Rxe8 Rxe8 39. cxd4
Kxc6 40. a5 Kb5 41. g3 Ne2 42. Kg2 Kxa5 43. Kf2 Nc3 44. Ra1+ Kb6 45. h4 Nb5 46.
Rb1 Re4 47. d5 Kc5 48. h5 Re7 49. h6 Nc3 50. hxg7 Rxg7 51. Rc1 Kd4 52. Re1 Ne4+
53. Kf3 Nxg3 54. Kf4 Kxd5 55. Rd1+ Ke6 56. Re1+ Kf6 57. Re8 h5 58. Rh8 Ke6 59.
Rh6+ Kd5 60. Kf3 Ke5 61. Rh8 d5 62. Re8+ Kd4 63. Rh8 Kd3 64. Kf4 d4 65. Ra8
Ne2+ 66. Kf5 Rg4 67. Kf6 Ke3 68. Re8+ Re4 69. Rb8 d3 70. Rb3 Rc4 71. Ra3 Nc3
72. Ra1 h4 73. Re1+ Kf3 74. Rf1+ Kg2 75. Rf5 d2 76. Rg5+ Kh2 77. Ra5 d1=Q 78.
Ke7 Rc7+ 79. Kf6 Rc6+ 80. Ke7 Qd6+ 81. Ke8 Rc8+ 82. Kf7 Rc7+ 83. Kg8 Qd8# 0-1

[Event "?"]
[Site "ICS rated blitz match, 192.23"]
[Date "1997.??.??"]
[Round "?"]
[White "Brause"]
[Black "deep-modem"]
[Result "0-1"]
[WhiteElo "2490"]
[BlackElo "2685"]
[PlyCount "126"]

1. e4 e5 2. Nf3 Nc6 3. Nc3 Nf6 4. Nxe5 Nxe5 5. d4 Ng6 6. e5 Ng8 7. Bc4 d6 8.
Qf3 Be6 9. Qxb7 Rb8 10. Bb5+ Bd7 11. Bxd7+ Kxd7 12. Qxa7 dxe5 13. dxe5 Ra8 14.
Qe3 Ra5 15. f4 Bc5 16. Qd2+ Kc8 17. Qxd8+ Kxd8 18. Bd2 Bb6 19. b4 Ra8 20. Nd5
N8e7 21. Nxb6 cxb6 22. Rf1 Ra3 23. Kd1 Kc7 24. Kc1 Rd8 25. Re1 b5 26. Re4 Nh4
27. Kb2 Raa8 28. Re2 Nd5 29. Rc1 Ra4 30. c3 Nb6 31. Be1 Nc4+ 32. Ka1 Nf5 33. g3
Rd3 34. e6 fxe6 35. Rxe6 Kd7 36. Re2 Nfe3 37. h3 Ra3 38. h4 Nd5 39. h5 Nxc3 40.
Rec2 Ne4 41. g4 Nf6 42. Rg2 Ne3 43. Rg1 Nfxg4 44. Rc5 Rd1+ 45. Kb2 Rad3 46. a3
Nc4+ 47. Rxc4 bxc4 48. Rxg4 Rb3+ 49. Kc2 Rxe1 50. Rxg7+ Re7 51. Rg5 Re2+ 52.
Kd1 Rh2 53. Kc1 Rxa3 54. Kb1 c3 55. Ra5 Rb3+ 56. Kc1 Rbb2 57. Rd5+ Ke6 58. Re5+
Kd6 59. Re1 Ra2 60. Rd1+ Kc7 61. Rd7+ Kxd7 62. Kb1 Rab2+ 63. Kc1 Rh1# 0-1

[Event "?"]
[Site "ICS rated blitz match, 192.23"]
[Date "1997.??.??"]
[Round "?"]
[White "Brause"]
[Black "MoonShot"]
[Result "0-1"]
[WhiteElo "2505"]
[BlackElo "2685"]
[PlyCount "74"]

1. e4 e5 2. Nf3 Nc6 3. Nc3 Nf6 4. Nxe5 Nxe5 5. d4 Ng6 6. e5 Ng8 7. Bc4 Bb4 8.
Qf3 Bxc3+ 9. bxc3 f5 10. h4 N6e7 11. Bxg8 Nxg8 12. Qxf5 Ne7 13. Qh5+ g6 14. Qf3
d6 15. O-O dxe5 16. Qf6 Rg8 17. Qxe5 Qd6 18. Qb5+ c6 19. Qb1 b6 20. Bg5 Be6 21.
a4 Kf7 22. Qd1 Bc4 23. Qf3+ Nf5 24. Rfc1 Bd5 25. Qg4 Rge8 26. h5 Re4 27. Qh3 h6
28. f3 Re2 29. Bh4 Nxh4 30. Qxh4 Rg8 31. Kf1 Bc4 32. Kg1 gxh5 33. Qxh5+ Qg6 34.
Qg4 Qxg4 35. fxg4 Rxg4 36. Rf1+ Ke7 37. Rf2 Rge4 0-1

[Event "?"]
[Site "ICS rated blitz match, 192.23"]
[Date "1997.??.??"]
[Round "?"]
[White "Brause"]
[Black "sss20"]
[Result "1-0"]
[WhiteElo "2505"]
[BlackElo "1785"]
[PlyCount "28"]

1. e4 e5 2. Nf3 Nc6 3. Nc3 Nf6 4. Nxe5 Nxe5 5. d4 Nc6 6. d5 Nb8 7. e5 Ng8 8. d6
cxd6 9. exd6 Qb6 10. Nb5 Na6 11. Qe2+ Kd8 12. Be3 Qc6 13. O-O-O Nf6 14. Nxa7
Bxd6 1-0